Fußball: Vereine nach Wappen - #2 - Statistiken

Allgemein
  • Dieses Quiz wurde 577 mal gespielt
  • Das Durchschnittsergebnis liegt bei 15 aus 16
Antwortstatistiken
Bildquiz Antwort % Korrekt
1. FC Köln
100%
FC Schalke 04
100%
1. FSV Mainz 05
98%
Hamburger SV
98%
SV Werder Bremen
98%
Hannover 96
97%
Manchester United
97%
FC Arsenal
96%
Inter Mailand
96%
VfL Bochum
96%
AS Rom
95%
Atletico Madrid
95%
Fortuna Düsseldorf
94%
Tottenham Hotspur
94%
Sporting Lissabon
92%
Celtic Glasgow
91%
Keine übereinstimmenden Quizze gefunden
Verteilung der Resultate
Anzahl Personen mit jedem Resultat
Perzentil nach korrekt beantworteten Fragen
Ihre Resultats-Entwicklung
Sie haben dieses Quiz noch nicht gespielt